On the Route to Glory - UEFA Euro 2016 - Portugal - Statistics

General Stats
  • This quiz has been taken 411 times
  • The average score is 8 of 11
Answer Stats
Team % Correct
France
99%
Wales
90%
Hungary
86%
Poland
84%
Iceland
81%
Croatia
79%
Austria
78%
Serbia
52%
Albania
50%
Denmark
47%
Armenia
31%
No matching quizzes found
Score Distribution
Percent of People with Each Score
Percentile by Number Answered
Your Score History
You have not taken this quiz